000 00669nam a2200229 a 4500
005 20140310183300.0
008 041125s19uu xx 00 eng d
020 _a9780729533034
050 _aP 96
_b.M697 1997
100 _aMohan, Terry
245 _aCommunicating! :
_btheory and practice /
_cTerry Mohan, et al. ;
250 _a4th ed.
260 _aAustralia :
_bHarcourt Brace & Compant Australia Pty Ltd.,
_c1997.
300 _a576 p. :
_c25 cm.
521 _aMC
650 _aInterpersonal communication.
650 _aWritten communication.
650 _aOral communication.
700 _aMcGregor, Helen
942 _cBK
_2lcc
_kFOR
999 _c20940
_d20940